Differential inequalities /

Guardado en:
Autor Principal: Szarski, Jacek.
Formato: Libro
Idioma:English
Publicado: Warszawa : PWN, 1967, c1965.
Edición:2d ed. rev.
Series:Polska Akademia Nauk. Monografie matematyczne ; t. 43
Etiquetas: Agregar Etiqueta
Sin Etiquetas, Sea el primero en etiquetar este registro!
LEADER 00616nam a22001935a 4500
001 MAT.inmabb002405
008 040503t19671965pl#######b####001#0#eng#d
005 20160530120733.0
245 1 0 |a Differential inequalities /  |c Jacek Szarski. 
250 |a 2d ed. rev. 
260 |a Warszawa :  |b PWN,  |c 1967, c1965. 
300 |a 256 p. ;  |c 25 cm. 
440 0 |a Polska Akademia Nauk. Monografie matematyczne ;  |v t. 43 
504 |a Bibliografía: p. [246]-248. 
510 4 |a MR,  |c 32 #7822  |3 (para la 1a ed.) 
100 1 |a Szarski, Jacek. 
084 |a 34A40  |2 msc2000 
084 |a 35R45  |2 msc2000 
859 |h 34  |i Sz996-2  |p A-4079  |b BIB. MATEMATICA